000 00574nam a22001817a 4500
999 _c167246
_d167246
005 20220217142046.0
010 _aENG-126303
020 _a978-81-925569-6-9
_c550.00
035 _aEN-109835
037 _bDBAD/PUB
082 _a364.168
100 _aSharma,Gaurav
245 _aCyber Crime & The Dark Net:
_bthe Hidden Underworld of the Internet/
_cby Dhiraj Kumar Basak
260 _aAllahabad
_bPrabha Publishing House
_c2018
270 _bAllahbad
_a5-D/11 Khusro Bagh Road,
_e211001
300 _a151p.
_c22cm(hb)
942 _2ddc
_cEN
_h364.168
_mSHA